| 000 | 00460 a2200193 4500 | ||
|---|---|---|---|
| 260 | _aParis | ||
| 100 | _aCAILLEUX,André | ||
| 700 | 1 | _aKOMORN,Jean. | |
| 260 | _bSociété d'Edition d'Enseignement Supérieur. | ||
| 245 | _aDictionnaire des racines scientifiques. | ||
| 300 | _a246p. | ||
| 650 | _aDICTIONNAIRE | ||
| 260 | _c1965 | ||
| 130 | _lFr. | ||
| 250 | _a2ème éd. revue et augmentée | ||
| 690 | _aRACINE. | ||
| 999 |
_c24434 _d24434 |
||